[Event "CAN-op U1800"]
[Site "Regina CAN"]
[Date "2019.07.13"]
[Round "2.37"]
[White "Skop, Mike"]
[Black "Li, Anthony Zongyue"]
[Result "1-0"]
[WhiteElo "1660"]
[BlackElo "847"]
[PlyCount "99"]
[EventDate "2019.07.12"]
[EventType "swiss"]
[EventRounds "9"]
[EventCountry "CAN"]

1. f3 e5 2. Nh3 d5 3. Nf2 Bc5 4. e3 Bf5 5. c3 d4 6. e4 Be6 7. Nd3 Be7 8. Nxe5
f6 9. Qa4+ c6 10. Ng4 Bc5 11. b4 b5 12. Bxb5 Qd7 13. bxc5 cxb5 14. Qxd4 Bxg4
15. fxg4 Qxg4 16. Qd5 Qxg2 17. Rf1 Qxh2 18. d4 Qg3+ 19. Rf2 Qg1+ 20. Ke2 Qxc1
21. Qxa8 Qb2+ 22. Nd2 Qxa1 23. Qxb8+ Kf7 24. c6 Qxc3 25. d5 Qc5 26. c7 Ne7 27.
Qxh8 Qxc7 28. Qxh7 Qe5 29. Rg2 f5 30. Rg5 Qf6 31. Rxf5 Nxf5 32. Qxf5 Qxf5 33.
exf5 Kf6 34. d6 Kf7 35. Ke3 Ke8 36. Kd4 Kd7 37. Kd5 a5 38. Ne4 b4 39. Nc5+ Kd8
40. Nb7+ Kc8 41. Nxa5 b3 42. axb3 g5 43. fxg6 Kd8 44. Ke6 Kc8 45. g7 Kb8 46.
g8=Q+ Ka7 47. Nc4 Ka6 48. Kd5 Kb5 49. Qb8+ Ka6 50. Qb6# 1-0

[Event "CAN-op U1800"]
[Site "Regina CAN"]
[Date "2019.07.13"]
[Round "2.38"]
[White "Gilroy, Shane"]
[Black "Tcherni, Avram"]
[Result "0-1"]
[WhiteElo "1328"]
[BlackElo "1637"]
[PlyCount "100"]
[EventDate "2019.07.12"]
[EventType "swiss"]
[EventRounds "9"]
[EventCountry "CAN"]

1. e4 c6 2. d4 d5 3. e5 Bf5 4. Nf3 h6 5. Bd3 Bxd3 6. Qxd3 Nd7 7. O-O e6 8. c4
Ne7 9. Nc3 a5 10. Bf4 Ng6 11. Bg3 Be7 12. Nd2 O-O 13. f4 Nh4 14. cxd5 cxd5 15.
Bf2 b6 16. g3 Nf5 17. Nf3 Rc8 18. Rac1 Nb8 19. a3 h5 20. Kg2 h4 21. g4 Nh6 22.
h3 g5 23. f5 exf5 24. gxf5 f6 25. Be3 Nf7 26. Qd2 Kh8 27. Rg1 Rg8 28. Kf2 Nc6
29. exf6 Bxf6 30. Nxg5 Nxg5 31. Bxg5 Bxg5 32. Rxg5 Qxg5 33. Qxg5 Rxg5 34. Nxd5
Rxf5+ 35. Ke3 Rxd5 36. Rd1 Re8+ 37. Kf4 Rxd4+ 38. Rxd4 Nxd4 39. Kg4 Re4+ 40.
Kh5 Kg7 41. Kg5 Kf7 42. b4 axb4 43. axb4 Nf3+ 44. Kf5 Re3 45. Kg4 Re4+ 46. Kh5
Kf6 47. Kh6 Re3 48. Kh5 Kf5 49. Kh6 Re7 50. Kh5 Rh7# 0-1

[Event "CAN-op U1800"]
[Site "Regina CAN"]
[Date "2019.07.13"]
[Round "2.39"]
[White "Myrzaibraimov, Azamat"]
[Black "Gao, Sean"]
[Result "1-0"]
[WhiteElo "1604"]
[BlackElo "807"]
[PlyCount "113"]
[EventDate "2019.07.12"]
[EventType "swiss"]
[EventRounds "9"]
[EventCountry "CAN"]

1. d4 d5 2. Bg5 Nc6 3. Nf3 Nf6 4. e3 Bg4 5. h3 Bh5 6. Be2 h6 7. Bxf6 gxf6 8.
Bb5 Qd6 9. Nc3 a6 10. Ba4 e5 11. e4 b5 12. g4 bxa4 13. gxh5 dxe4 14. Nxe4 Qe6
15. d5 Qf5 16. Nc3 Qf4 17. dxc6 Bc5 18. Qd7+ Kf8 19. Qd5 Ba7 20. Qe4 Re8 21.
Rd1 f5 22. Qxf4 exf4+ 23. Ne2 Rg8 24. Rd5 Rg2 25. Rf1 Rb8 26. b3 axb3 27. cxb3
Rb5 28. Rxb5 axb5 29. Nxf4 Rg8 30. Nd5 Bb8 31. Nf6 Rg7 32. Nd7+ Ke7 33. Nxb8
Rg8 34. Na6 Kd6 35. Nb4 Kc5 36. a3 Re8+ 37. Kd2 Rd8+ 38. Kc2 Re8 39. Re1 Ra8
40. Kb2 Rg8 41. Re5+ Kb6 42. Rxf5 Rg2 43. Ne1 Rh2 44. Rf3 f5 45. Ned3 f4 46.
Nxf4 Ka5 47. Ne6 Kb6 48. Nd4 Ka5 49. Nf5 Kb6 50. Nxh6 Ka5 51. Nf5 Kb6 52. h6
Ka5 53. h7 Kb6 54. h8=Q Kc5 55. Rc3+ Kb6 56. Qb8+ Ka5 57. Qa7# 1-0

[Event "CAN-op U1800"]
[Site "Regina CAN"]
[Date "2019.07.13"]
[Round "2.41"]
[White "Mayol, John"]
[Black "Maheux, Pierre"]
[Result "0-1"]
[WhiteElo "1716"]
[BlackElo "1665"]
[PlyCount "86"]
[EventDate "2019.07.12"]
[EventType "swiss"]
[EventRounds "9"]
[EventCountry "CAN"]

1. e4 c5 2. Nc3 Nc6 3. Nf3 d6 4. a3 g6 5. Bc4 Bg7 6. O-O Nf6 7. h3 h5 8. d3 Nh7
9. Rb1 e6 10. Ba2 g5 11. Nh2 g4 12. hxg4 Be5 13. f4 Bd4+ 14. Kh1 Qh4 15. g5 Bf2
16. Ne2 Nd4 17. g3 Bxg3 18. Nxg3 Qxg3 19. c3 e5 20. cxd4 Bd7 21. Rf3 Qh4 22.
fxe5 O-O-O 23. Be3 Bg4 24. Bf2 Qxg5 25. Nxg4 hxg4 26. Rg3 Nf6+ 27. Kg2 Qh4 28.
exf6 Qh2+ 29. Kf1 Qh1+ 30. Ke2 Qh5 31. Kd2 Qh6+ 32. Be3 Qh2+ 33. Kc3 Qxg3 34.
Qg1 Qh3 35. Rd1 g3 36. dxc5 g2 37. Bxf7 Rdf8 38. Bd5 Rxf6 39. Bd4 Rf1 40. Rxf1
gxf1=Q 41. Qg7 Qhxd3+ 42. Kb4 Qb5+ 43. Kc3 Qfd3# 0-1

[Event "CAN-op U1800"]
[Site "Regina CAN"]
[Date "2019.07.13"]
[Round "2.42"]
[White "He, Matthew"]
[Black "Kreuger, Stephen"]
[Result "1-0"]
[WhiteElo "1161"]
[BlackElo "1580"]
[PlyCount "91"]
[EventDate "2019.07.12"]
[EventType "swiss"]
[EventRounds "9"]
[EventCountry "CAN"]

1. d4 Nf6 2. c4 e5 3. dxe5 Ng4 4. Bf4 g5 5. Bg3 Bg7 6. Nf3 Nc6 7. h4 Ngxe5 8.
Nfd2 Qe7 9. e3 g4 10. a3 h5 11. Nc3 d6 12. Nd5 Qd8 13. Qc2 Ne7 14. Ne4 Nxd5 15.
cxd5 Bd7 16. Bf4 O-O 17. Ng3 c5 18. Nxh5 Qa5+ 19. Qd2 Qxd2+ 20. Kxd2 Bh8 21.
Bh6 Rfe8 22. Bg5 Rac8 23. Nf6+ Bxf6 24. Bxf6 g3 25. f3 c4 26. h5 Rc5 27. e4 Kh7
28. Rc1 Rec8 29. Kc3 Nd3 30. Bxd3 cxd3+ 31. Kd2 Rc2+ 32. Rxc2 Rxc2+ 33. Kxd3
Rxg2 34. Ke3 Rh2 35. Rg1 g2 36. Be7 Bh3 37. Bxd6 Rh1 38. Kf2 Kh6 39. f4 Kxh5
40. f5 Bxf5 41. exf5 Kg5 42. Kxg2 Rh7 43. Rf1 Kf6 44. Bb8 a6 45. d6 Rh8 46. Bc7
1-0

[Event "CAN-op U1800"]
[Site "Regina CAN"]
[Date "2019.07.13"]
[Round "2.43"]
[White "Chen, Helen"]
[Black "Richardson, Daniel"]
[Result "0-1"]
[WhiteElo "1512"]
[BlackElo "1126"]
[PlyCount "80"]
[EventDate "2019.07.12"]
[EventType "swiss"]
[EventRounds "9"]
[EventCountry "CAN"]

1. e4 d5 2. exd5 e5 3. dxe6 Bxe6 4. Nf3 Nf6 5. Be2 Nc6 6. d3 Bc5 7. Nc3 O-O 8.
O-O Re8 9. Bg5 Bg4 10. h3 Bh5 11. Ne4 Be7 12. Nxf6+ Bxf6 13. Bxf6 Qxf6 14. c3
Re7 15. Re1 Rae8 16. Qd2 b6 17. Bd1 Bxf3 18. Bxf3 Ne5 19. Be4 c5 20. Re3 Rd8
21. Rae1 Nc4 22. Qe2 Nxe3 23. Qxe3 Rde8 24. f3 Qe6 25. b3 f5 26. Qf4 fxe4 27.
fxe4 Qe5 28. Qxe5 Rxe5 29. Kf2 g5 30. Kf3 b5 31. d4 cxd4 32. cxd4 Rf5+ 33. Ke3
Rf4 34. Kd3 Rf2 35. d5 Rxg2 36. e5 Rg3+ 37. Kd4 Rxh3 38. d6 Kf7 39. Kd5 Rd3+
40. Ke4 Rxd6 0-1

[Event "CAN-op U1800"]
[Site "Regina CAN"]
[Date "2019.07.13"]
[Round "2.44"]
[White "Sullivan, Brian"]
[Black "Huang, Winston"]
[Result "1-0"]
[WhiteElo "1381"]
[BlackElo "1065"]
[PlyCount "95"]
[EventDate "2019.07.12"]
[EventType "swiss"]
[EventRounds "9"]
[EventCountry "CAN"]

1. d4 d5 2. c4 c6 3. Nf3 Nf6 4. Nc3 e6 5. e3 Bb4 6. Bd3 O-O 7. O-O Nbd7 8. Bd2
Re8 9. Qc2 h6 10. Rad1 e5 11. dxe5 Nxe5 12. Nxe5 Rxe5 13. Ne2 Bxd2 14. Rxd2 Bg4
15. h3 Bxe2 16. Bxe2 Qc7 17. cxd5 Nxd5 18. Bf3 Rd8 19. Rfd1 Qb6 20. e4 Rde8 21.
exd5 Qc7 22. g3 Qd7 23. Bg2 Qc7 24. dxc6 b6 25. Rd7 Qb8 26. Qd3 g6 27. Rd8 Rxd8
28. Qxd8+ Qxd8 29. Rxd8+ Kg7 30. c7 Re1+ 31. Bf1 Rc1 32. c8=Q Rxc8 33. Rxc8 f6
34. Rc7+ Kf8 35. Rxa7 f5 36. Rb7 g5 37. Rxb6 h5 38. Rb7 f4 39. gxf4 gxf4 40.
Be2 h4 41. a4 f3 42. Bxf3 Ke8 43. a5 Kd8 44. a6 Kc8 45. Rb4 Kc7 46. a7 Kc8 47.
Rb7 Kd8 48. a8=Q# 1-0

[Event "CAN-op U1800"]
[Site "Regina CAN"]
[Date "2019.07.13"]
[Round "2.45"]
[White "Trinh, Khoi"]
[Black "Li, Avery"]
[Result "0-1"]
[WhiteElo "994"]
[BlackElo "1365"]
[PlyCount "90"]
[EventDate "2019.07.12"]
[EventType "swiss"]
[EventRounds "9"]
[EventCountry "CAN"]

1. d4 d5 2. c4 c6 3. Nc3 Nf6 4. Nf3 Bf5 5. Bg5 e6 6. cxd5 exd5 7. e3 h6 8. Bh4
Be7 9. Bd3 Bxd3 10. Qxd3 O-O 11. O-O Nbd7 12. Rab1 Nb6 13. Rfc1 Re8 14. b4 a6
15. a4 Nc4 16. Nd2 Nxd2 17. Qxd2 b5 18. a5 Rc8 19. Bxf6 Bxf6 20. Ne2 Re7 21.
Rc2 Rec7 22. Rbc1 Be7 23. Nf4 Bd6 24. Ne2 Qe7 25. Rb2 Re8 26. Rcc2 Kh8 27. Nc1
f5 28. Nd3 f4 29. Rc1 fxe3 30. fxe3 Qxe3+ 31. Qxe3 Rxe3 32. Rd2 Re8 33. Rdc2
Rec8 34. Nc5 Bxc5 35. Rxc5 Kg8 36. Kf2 Kf7 37. Ke3 Ke6 38. g4 Kd6 39. Kd3 Rf8
40. Re1 Rf3+ 41. Re3 Rxe3+ 42. Kxe3 Re7+ 43. Kd3 Re4 44. h3 Rf4 45. Ke2 Rxd4
0-1

[Event "CAN-op U1800"]
[Site "Regina CAN"]
[Date "2019.07.13"]
[Round "2.46"]
[White "Li, Alan"]
[Black "Jiang, William"]
[Result "1-0"]
[WhiteElo "1272"]
[BlackElo "979"]
[PlyCount "133"]
[EventDate "2019.07.12"]
[EventType "swiss"]
[EventRounds "9"]
[EventCountry "CAN"]

1. e4 c5 2. Nf3 Nc6 3. d4 cxd4 4. Nxd4 Nf6 5. Nc3 e5 6. Nxc6 bxc6 7. Bg5 Bb4 8.
Qd3 d5 9. exd5 Bxc3+ 10. Qxc3 cxd5 11. Bxf6 gxf6 12. Qc6+ Bd7 13. Qxd5 Qb6 14.
Qxa8+ Ke7 15. Qd5 Qxb2 16. Rd1 Qb4+ 17. Qd2 Qe4+ 18. Be2 Rd8 19. f3 Qh4+ 20. g3
Qh3 21. Kf2 Qf5 22. Qd3 Qe6 23. Qd5 Qb6+ 24. Ke1 Qb4+ 25. Qd2 Qa3 26. Bb5 Qxf3
27. Qb4+ Ke8 28. Bxd7+ Rxd7 29. Qb8+ Ke7 30. Rxd7+ Kxd7 31. Qxa7+ Ke6 32. Qb6+
Ke7 33. Rf1 Qc3+ 34. Kf2 Qxc2+ 35. Kg1 Kf8 36. Qxf6 Qc5+ 37. Qf2 Qd5 38. a4 e4
39. a5 e3 40. Qxe3 Qxa5 41. Qf2 Qd5 42. Re1 Qc6 43. Qe3 h5 44. Rc1 Qd7 45. Qc5+
Kg7 46. Qe5+ Kg6 47. Re1 Qa7+ 48. Qe3 Qb7 49. Qe4+ Qxe4 50. Rxe4 Kf5 51. Rf4+
Kg6 52. Kg2 f6 53. Kh3 Kg5 54. Ra4 Kg6 55. Kh4 Kh6 56. Ra5 Kg6 57. h3 Kh6 58.
Rxh5+ Kg6 59. Kg4 Kg7 60. h4 Kg6 61. Ra5 Kh6 62. Kf5 Kh5 63. Kxf6+ Kh6 64. Rg5
Kh7 65. g4 Kh8 66. Kf7 Kh7 67. Rh5# 1-0

[Event "CAN-op U1800"]
[Site "Regina CAN"]
[Date "2019.07.13"]
[Round "2.47"]
[White "Tran, Tri"]
[Black "Dusaran, Fernando"]
[Result "1/2-1/2"]
[WhiteElo "978"]
[BlackElo "1265"]
[PlyCount "61"]
[EventDate "2019.07.12"]
[EventType "swiss"]
[EventRounds "9"]
[EventCountry "CAN"]

1. d4 d5 2. c4 e6 3. Nc3 c6 4. Nf3 Be7 5. Bf4 Nf6 6. e3 O-O 7. Bd3 Nbd7 8. Qc2
h6 9. h4 Nh5 10. g4 Nxf4 11. exf4 dxc4 12. Bxc4 Nb6 13. Bd3 Nd5 14. Nxd5 Qxd5
15. Be4 Qa5+ 16. Kf1 f5 17. gxf5 exf5 18. Bd3 Bd7 19. Re1 Bd6 20. Ne5 Be8 21.
Bxf5 c5 22. Be6+ Kh8 23. dxc5 Bxc5 24. Nd3 Bd4 25. Re4 Bf6 26. Rg1 Bc6 27. Rb4
Be7 28. f5 Qc7 29. Rc4 Qh2 30. Rgg4 h5 31. Rgf4 1/2-1/2

[Event "CAN-op U1800"]
[Site "Regina CAN"]
[Date "2019.07.13"]
[Round "2.48"]
[White "Ratte, Daniel"]
[Black "Sorgard, Abigail"]
[Result "1-0"]
[WhiteElo "1212"]
[BlackElo "744"]
[PlyCount "129"]
[EventDate "2019.07.12"]
[EventType "swiss"]
[EventRounds "9"]
[EventCountry "CAN"]

1. e4 e5 2. Nf3 Nc6 3. d4 d6 4. dxe5 dxe5 5. Qxd8+ Nxd8 6. Nxe5 Bc5 7. Bc4 Be6
8. Bb3 Nf6 9. Nc3 O-O 10. Bg5 Ng4 11. Nxg4 Bxg4 12. f3 Be6 13. Bxe6 Nxe6 14.
Bd2 c6 15. O-O-O b5 16. f4 Nd4 17. Rhe1 a5 18. Be3 Rad8 19. g3 Bb6 20. Nb1 c5
21. Bxd4 cxd4 22. c3 dxc3 23. Nxc3 Rc8 24. Kb1 Ba7 25. Nxb5 Bb8 26. Nc3 Rc7 27.
Nd5 Rb7 28. Ka1 Bd6 29. a3 Rfb8 30. Rb1 Bb4 31. axb4 axb4 32. Rbc1 b3 33. Re3
Ra7+ 34. Kb1 Rba8 35. Rxb3 Ra1+ 36. Kc2 Rc8+ 37. Nc3 Ra4 38. Kd2 Rd4+ 39. Ke3
Rcd8 40. Nd5 Ra4 41. Rd1 Kf8 42. Rc1 Re8 43. Rc7 Raxe4+ 44. Kd3 Re2 45. Rbb7
Rxh2 46. Rxf7+ Kg8 47. Rxg7+ Kh8 48. Nf6 Rd8+ 49. Ke4 Re8+ 50. Nxe8 Re2+ 51.
Kf5 Rxe8 52. Rxh7+ Kg8 53. Rbg7+ Kf8 54. Rh8+ Kxg7 55. Rxe8 Kf7 56. Ra8 Ke7 57.
Ra7+ Ke8 58. Kf6 Kd8 59. Ke6 Kc8 60. Kd6 Kb8 61. Rh7 Kc8 62. Rg7 Kb8 63. Kc6
Ka8 64. Kb6 Kb8 65. Rg8# 1-0

[Event "CAN-op U1800"]
[Site "Regina CAN"]
[Date "2019.07.13"]
[Round "2.49"]
[White "Sorgard, William"]
[Black "Myrzaibraimova, Alia"]
[Result "0-1"]
[WhiteElo "845"]
[BlackElo "1208"]
[PlyCount "72"]
[EventDate "2019.07.12"]
[EventType "swiss"]
[EventRounds "9"]
[EventCountry "CAN"]

1. e4 e6 2. d4 d5 3. e5 c5 4. Nf3 Nc6 5. Bb5 Qa5+ 6. Nc3 a6 7. Bxc6+ bxc6 8.
Bd2 Qb6 9. Be3 Qxb2 10. Na4 Qb4+ 11. Nc3 Qxc3+ 12. Bd2 Qb2 13. O-O cxd4 14. Rb1
Qxa2 15. Nxd4 Bc5 16. Nxc6 Qc4 17. Nb4 Qb5 18. Nd3 Qc6 19. Bb4 Bxb4 20. Nxb4
Qd7 21. Rb3 Ne7 22. Rd3 a5 23. Na2 Ba6 24. Rb3 Bxf1 25. Qxf1 O-O 26. Rb6 Rab8
27. Rd6 Qb7 28. Nc3 a4 29. h3 a3 30. Qd3 Ra8 31. Qg3 a2 32. Nxa2 Qb1+ 33. Kh2
Rxa2 34. Rd7 Ra1 35. Qg5 Nf5 36. Rd8 Qh1# 0-1

[Event "CAN-op U1800"]
[Site "Regina CAN"]
[Date "2019.07.13"]
[Round "2.50"]
[White "Zhou, Felix Tian"]
[Black "Gran, Chris"]
[Result "0-1"]
[WhiteElo "766"]
[BlackElo "1158"]
[PlyCount "44"]
[EventDate "2019.07.12"]
[EventType "swiss"]
[EventRounds "9"]
[EventCountry "CAN"]

1. c4 e5 2. Nc3 Nf6 3. Nf3 Nc6 4. d4 exd4 5. Nxd4 Bb4 6. Nxc6 bxc6 7. Bd2 d5 8.
a3 Bxc3 9. Bxc3 dxc4 10. Qxd8+ Kxd8 11. e3 Be6 12. Rc1 Rb8 13. Bb4 Nd5 14. Bxc4
Nxb4 15. Bxe6 Nd3+ 16. Ke2 Nxc1+ 17. Rxc1 Rxb2+ 18. Ke1 fxe6 19. Rxc6 Kd7 20.
Ra6 Rhb8 21. Rxa7 Ra2 22. Ra4 Rb1# 0-1

[Event "CAN-op U1800"]
[Site "Regina CAN"]
[Date "2019.07.14"]
[Round "3.31"]
[White "Steer, David"]
[Black "Chapman, James"]
[Result "1/2-1/2"]
[WhiteElo "1766"]
[BlackElo "1668"]
[PlyCount "113"]
[EventDate "2019.07.12"]
[EventType "swiss"]
[EventRounds "9"]
[EventCountry "CAN"]

1. e4 c5 2. Nf3 d6 3. Bb5+ Nc6 4. O-O Bd7 5. c3 Rc8 6. Re1 e6 7. a4 Nf6 8. d4
cxd4 9. cxd4 Be7 10. d5 Ne5 11. Nxe5 dxe5 12. dxe6 fxe6 13. Nc3 a6 14. Bxd7+
Qxd7 15. Qe2 O-O 16. Be3 Qe8 17. Red1 Qg6 18. f3 Rf7 19. Qe1 Bb4 20. Bd2 Nh5
21. Qf2 Rcf8 22. Kh1 Nf4 23. Bxf4 Rxf4 24. Ne2 Rxe4 25. Ng3 Ref4 26. Qe2 h5 27.
Qd3 Qxd3 28. Rxd3 h4 29. Ne2 R4f5 30. Re3 Bc5 31. Re4 h3 32. Rf1 hxg2+ 33. Kxg2
a5 34. Rc4 b6 35. Ng3 Rf4 36. Ne4 Bd4 37. b3 Rh4 38. Rc6 Rh6 39. Rfc1 Rg6+ 40.
Ng3 e4 41. Rf1 exf3+ 42. Rxf3 Rxf3 43. Kxf3 Rf6+ 44. Ke4 Bg1 45. h3 Rh6 46. Ne2
Bc5 47. Nf4 Kf7 48. Ke5 g5 49. Nxe6 Be3 50. Nd8+ Kg7 51. Rxh6 Kxh6 52. Ne6 Kg6
53. Nd8 Bf4+ 54. Ke6 Bc7 55. Nf7 Bf4 56. Nd8 Bc7 57. Nf7 1/2-1/2

[Event "CAN-op U1800"]
[Site "Regina CAN"]
[Date "2019.07.14"]
[Round "3.32"]
[White "Tcherni, Avram"]
[Black "Latorre, Spiro"]
[Result "1-0"]
[WhiteElo "1637"]
[BlackElo "1758"]
[PlyCount "73"]
[EventDate "2019.07.12"]
[EventType "swiss"]
[EventRounds "9"]
[EventCountry "CAN"]

1. e4 e5 2. Nf3 Nc6 3. d4 exd4 4. Nxd4 Bc5 5. Be3 Bxd4 6. Bxd4 Nf6 7. Nc3 d6 8.
Bb5 Bd7 9. Be3 h6 10. Qd2 a6 11. Be2 Qe7 12. f3 Be6 13. a3 Bd7 14. O-O-O O-O-O
15. Rhe1 Rhe8 16. Bf2 Kb8 17. Nd5 Qf8 18. Nxf6 gxf6 19. Bh4 Qg7 20. g3 Ne5 21.
Qb4 Ka8 22. Qc3 Bc6 23. f4 Nd7 24. Bxa6 Bxe4 25. Qxc7 Rc8 26. Bxb7+ Bxb7 27.
Qxd7 Rxe1 28. Rxe1 Qg6 29. Qa4+ Kb8 30. Re8 Rxe8 31. Qxe8+ Ka7 32. Qa4+ Kb8 33.
Qe8+ Ka7 34. Qe7 f5 35. Bf6 Qg4 36. Bd4+ Ka6 37. Qxd6+ 1-0

[Event "CAN-op U1800"]
[Site "Regina CAN"]
[Date "2019.07.14"]
[Round "3.33"]
[White "Collins, Jacob"]
[Black "Skop, Mike"]
[Result "1-0"]
[WhiteElo "1710"]
[BlackElo "1660"]
[PlyCount "47"]
[EventDate "2019.07.12"]
[EventType "swiss"]
[EventRounds "9"]
[EventCountry "CAN"]

1. d4 c6 2. Bf4 Na6 3. e4 Nc7 4. c4 Ne6 5. Be3 Qa5+ 6. Nc3 Nf6 7. Bd3 d6 8. Nf3
Bd7 9. O-O Qh5 10. Qb3 g5 11. Ne2 Nf4 12. Nxf4 gxf4 13. Bxf4 Rg8 14. Bg3 Bh6
15. Qxb7 Rd8 16. Rfe1 Bg4 17. e5 Nd7 18. exd6 e6 19. Ne5 f6 20. Nxd7 Rxd7 21.
Qc8+ Rd8 22. Rxe6+ Kf8 23. Qxd8+ Kg7 24. Qxf6# 1-0

[Event "CAN-op U1800"]
[Site "Regina CAN"]
[Date "2019.07.14"]
[Round "3.34"]
[White "Li, Andrew"]
[Black "Myrzaibraimov, Azamat"]
[Result "0-1"]
[WhiteElo "1669"]
[BlackElo "1604"]
[PlyCount "90"]
[EventDate "2019.07.12"]
[EventType "swiss"]
[EventRounds "9"]
[EventCountry "CAN"]

1. e4 c5 2. Nf3 Nc6 3. d4 cxd4 4. Nxd4 g6 5. Nb3 Bg7 6. Be2 e6 7. O-O b6 8. Nc3
Bxc3 9. bxc3 Bb7 10. Bb2 h5 11. f3 Qc7 12. Nd4 a6 13. Bd3 g5 14. Qd2 f6 15. f4
g4 16. Qf2 Nge7 17. c4 Rh6 18. Qe3 Ng8 19. Nxc6 Bxc6 20. Bd4 Rb8 21. Rfb1 b5
22. cxb5 axb5 23. Bc5 d6 24. Bb4 h4 25. Qe2 g3 26. Qg4 Qb6+ 27. Kh1 Kd7 28.
Qg7+ Ne7 29. Qxh6 f5 30. Qxh4 gxh2 31. Kxh2 fxe4 32. Be2 Qd4 33. c3 Qg7 34. Kg1
Rh8 35. Qg4 Qh6 36. Kf2 Nf5 37. Qh3 Qg7 38. Qg4 e3+ 39. Kg1 Qh6 40. Qh3 Ng3 41.
Rd1 Nxe2+ 42. Kf1 Qxf4+ 43. Ke1 Rxh3 44. Rd3 Qg3+ 45. Kd1 Be4 0-1

[Event "CAN-op U1800"]
[Site "Regina CAN"]
[Date "2019.07.14"]
[Round "3.35"]
[White "Gu, Stephanie"]
[Black "Maheux, Pierre"]
[Result "1-0"]
[WhiteElo "1599"]
[BlackElo "1665"]
[PlyCount "41"]
[EventDate "2019.07.12"]
[EventType "swiss"]
[EventRounds "9"]
[EventCountry "CAN"]

1. e4 c5 2. Nc3 Nc6 3. g3 d6 4. Bg2 e5 5. d3 Be6 6. Nge2 Qd7 7. Be3 Nf6 8. h3
Be7 9. f4 g6 10. Qd2 Nd4 11. g4 Bxg4 12. hxg4 Nxg4 13. O-O-O b5 14. Nd5 b4 15.
Rdf1 Rc8 16. Bh3 f5 17. Bxd4 exd4 18. exf5 Qxf5 19. Nxe7 Kxe7 20. Ng3 Qd7 21.
Qe2+ 1-0

[Event "CAN-op U1800"]
[Site "Regina CAN"]
[Date "2019.07.14"]
[Round "3.36"]
[White "Aripuddin, Allan"]
[Black "He, Matthew"]
[Result "1/2-1/2"]
[WhiteElo "1594"]
[BlackElo "1161"]
[PlyCount "62"]
[EventDate "2019.07.12"]
[EventType "swiss"]
[EventRounds "9"]
[EventCountry "CAN"]

1. d4 c6 2. Bf4 d5 3. e3 Bf5 4. c3 Nf6 5. Bd3 Bxd3 6. Qxd3 Nbd7 7. Nf3 e6 8.
Nbd2 Be7 9. e4 dxe4 10. Nxe4 O-O 11. h4 Nxe4 12. Qxe4 Nf6 13. Qe2 Nd5 14. Bg3
Bd6 15. Ne5 Re8 16. Qf3 f6 17. Nc4 Bxg3 18. Qxg3 e5 19. O-O exd4 20. cxd4 Nb6
21. Nd6 Re7 22. Rae1 Rxe1 23. Rxe1 Qc7 24. Re6 Rf8 25. Qb3 Kh8 26. Qb4 Rd8 27.
Qe1 h6 28. Re8+ Rxe8 29. Qxe8+ Kh7 30. Qe4+ Kg8 31. Qe6+ Kh7 1/2-1/2

[Event "CAN-op U1800"]
[Site "Regina CAN"]
[Date "2019.07.14"]
[Round "3.37"]
[White "Singh, Amninder"]
[Black "Myrzaibraimova, Aibike"]
[Result "1/2-1/2"]
[WhiteElo "1463"]
[BlackElo "1581"]
[PlyCount "70"]
[EventDate "2019.07.12"]
[EventType "swiss"]
[EventRounds "9"]
[EventCountry "CAN"]

1. d4 Nf6 2. g3 e6 3. Bg2 c5 4. c3 d5 5. Nd2 Nc6 6. Nb3 c4 7. Nd2 b5 8. e4 b4
9. exd5 exd5 10. Ne2 Be7 11. O-O O-O 12. Nf3 Be6 13. Bg5 h6 14. Bxf6 Bxf6 15.
Nf4 Qa5 16. Qd2 bxc3 17. bxc3 Rad8 18. Nxe6 fxe6 19. Rfc1 Rfe8 20. Rab1 Rd7 21.
Ne5 Bxe5 22. dxe5 Ne7 23. Bh3 Ng6 24. Qc2 Nf8 25. Rb4 Rc7 26. Rcb1 Qc5 27. Rb5
Qe7 28. Qa4 Nd7 29. f4 Nc5 30. Qb4 Ne4 31. Qb2 Kf7 32. Bg2 Nc5 33. Bf3 Nd3 34.
Qc2 Kg8 35. Be2 Nc5 1/2-1/2

[Event "CAN-op U1800"]
[Site "Regina CAN"]
[Date "2019.07.14"]
[Round "3.38"]
[White "Donovan, Ryan"]
[Black "Li, Alan"]
[Result "0-1"]
[WhiteElo "1547"]
[BlackElo "1272"]
[PlyCount "105"]
[EventDate "2019.07.12"]
[EventType "swiss"]
[EventRounds "9"]
[EventCountry "CAN"]

1. d4 Nf6 2. c4 e6 3. Bg5 h6 4. Bh4 c5 5. e3 b6 6. Nf3 Bb7 7. Nc3 Be7 8. Bd3
cxd4 9. exd4 Nc6 10. O-O O-O 11. a3 Rc8 12. b4 Ng4 13. Bg3 Nf6 14. Rc1 Nh7 15.
Qc2 Ng5 16. Ne5 Nxd4 17. Qd1 d6 18. Ng4 Nc6 19. Bb1 Nb8 20. Qd3 f5 21. h4 Ne4
22. Ne3 Nxc3 23. Rxc3 Be4 24. Qe2 Bxb1 25. Rxb1 Bxh4 26. Nf1 Bxg3 27. Qxe6+ Kh8
28. Nxg3 Qf6 29. Qe1 Rfe8 30. Qd2 b5 31. c5 dxc5 32. bxc5 a6 33. Rbc1 Rc6 34.
Ne2 Rec8 35. Nf4 Rd8 36. Qe3 Nd7 37. Qg3 Kh7 38. Nd5 Qf8 39. Nb4 Rxc5 40. Nxa6
Rxc3 41. Rxc3 Ra8 42. Nc7 Rb8 43. Qd3 Qf6 44. Rb3 Nc5 45. Nd5 Qg5 46. Qc3 Nxb3
47. Qxb3 Rc8 48. g3 Qc1+ 49. Kg2 Qc6 50. Kh2 Qc2 51. Nf6+ Kg6 52. Qxc2 Rxc2 53.
Kg2 0-1

[Event "CAN-op U1800"]
[Site "Regina CAN"]
[Date "2019.07.14"]
[Round "3.39"]
[White "Myrzaibraimova, Alia"]
[Black "Bolduc, Jacques"]
[Result "0-1"]
[WhiteElo "1208"]
[BlackElo "1410"]
[PlyCount "118"]
[EventDate "2019.07.12"]
[EventType "swiss"]
[EventRounds "9"]
[EventCountry "CAN"]

1. e4 c5 2. Nf3 Nc6 3. Bc4 e6 4. O-O d5 5. Bb5 dxe4 6. Ne5 Nge7 7. d3 exd3 8.
Qf3 f6 9. Bxc6+ Nxc6 10. Nxc6 bxc6 11. Qxc6+ Bd7 12. Qe4 dxc2 13. Qxc2 Rb8 14.
Re1 Be7 15. Bf4 e5 16. Be3 O-O 17. Bxc5 Qc7 18. Rc1 Rfc8 19. Qc4+ Kh8 20. a3
Qxc5 21. Nd2 Qxc4 22. Rxc4 Rxc4 23. Nxc4 Bb5 24. b3 h6 25. h3 Bxc4 26. bxc4 Rc8
27. a4 Rxc4 28. Kf1 a5 29. Ke2 Bc5 30. Kd3 Rd4+ 31. Kc3 Bb4+ 32. Kb3 Kg8 33.
Rc1 Kf7 34. Rc7+ Kg6 35. Rc4 Rd3+ 36. Kc2 Rd2+ 37. Kb3 Rxf2 38. Rxb4 axb4 39.
a5 Rd2 40. Kxb4 Ra2 41. Kc3 Rxa5 42. Kd3 Ra4 43. Ke2 Ra3 44. Kf2 f5 45. g3 Kh5
46. Ke2 Rxg3 47. Kf2 f4 48. Kf1 Kh4 49. Kf2 Kxh3 50. Kf1 Kg4 51. Kf2 h5 52. Ke1
h4 53. Kf1 h3 54. Kf2 h2 55. Kf1 h1=Q+ 56. Kf2 Qf3+ 57. Ke1 Qe3+ 58. Kd1 Qf2
59. Kc1 Rg1# 0-1

[Event "CAN-op U1800"]
[Site "Regina CAN"]
[Date "2019.07.14"]
[Round "3.40"]
[White "Gran, Chris"]
[Black "Thomson, Bruce"]
[Result "0-1"]
[WhiteElo "1158"]
[BlackElo "1405"]
[PlyCount "54"]
[EventDate "2019.07.12"]
[EventType "swiss"]
[EventRounds "9"]
[EventCountry "CAN"]

1. e4 c6 2. d4 d5 3. Nc3 dxe4 4. Nxe4 Bf5 5. Ng3 Bg6 6. Nf3 Nd7 7. Bd3 Bxd3 8.
Qxd3 g6 9. O-O Bg7 10. Re1 e6 11. Bf4 Ngf6 12. Ne4 Nxe4 13. Rxe4 O-O 14. h4 Nf6
15. Bg5 Qb6 16. Ree1 Nd5 17. c3 h6 18. Bxh6 Bxh6 19. Rxe6 Nf4 20. Rxg6+ Nxg6
21. h5 Nf4 22. Qf5 Qd8 23. g4 Qd5 24. Qxd5 cxd5 25. Kh2 f6 26. Rg1 Bg5 27. Nxg5
fxg5 0-1

[Event "CAN-op U1800"]
[Site "Regina CAN"]
[Date "2019.07.14"]
[Round "3.41"]
[White "Richardson, Daniel"]
[Black "Sullivan, Brian"]
[Result "0-1"]
[WhiteElo "1126"]
[BlackElo "1381"]
[PlyCount "68"]
[EventDate "2019.07.12"]
[EventType "swiss"]
[EventRounds "9"]
[EventCountry "CAN"]

1. e4 c5 2. Nc3 d6 3. Nf3 Nf6 4. d4 cxd4 5. Nxd4 g6 6. Be2 Bg7 7. O-O O-O 8.
Bf3 Nbd7 9. Bg5 Qa5 10. Bxf6 Bxf6 11. Nb3 Qd8 12. Re1 Ne5 13. g3 Nxf3+ 14. Qxf3
Bd7 15. Rad1 Qc8 16. Qg2 Bh3 17. Qh1 Bxc3 18. bxc3 Qxc3 19. e5 Bg4 20. Re3 Qxc2
21. Rde1 Qxa2 22. exd6 exd6 23. Nd4 Qb2 24. Qd5 Rac8 25. Qxd6 Rcd8 26. Qf6 Qxd4
27. Qh4 Qd7 28. Re7 Qc8 29. h3 Bd7 30. Qg5 Rfe8 31. Qd5 Rxe7 32. Rxe7 Be6 33.
Qf3 Qc1+ 34. Kh2 Bd5 0-1